CSR's effect on job satisfaction and employee retention in Hungarian small to medium-sized businesses
| Szerző: | |
|---|---|
| További közreműködők: | |
| Dokumentumtípus: | Diplomadolgozat |
| Kulcsszavak: | CSR employee well-being medium-sized businesses retention rate Small business |
| Online Access: | http://dolgozattar.uni-bge.hu/59568 |
MARC
| LEADER | 00000nta a2200000 i 4500 | ||
|---|---|---|---|
| 001 | dolg59568 | ||
| 005 | 20260409145236.0 | ||
| 008 | 260409suuuu hu om 000 eng d | ||
| 040 | |a BGE Dolgozattár Repozitórium |b hun | ||
| 041 | |a en | ||
| 100 | 1 | |a Balogh Dániel | |
| 245 | 1 | 0 | |a CSR's effect on job satisfaction and employee retention in Hungarian small to medium-sized businesses |c Balogh Dániel |h [elektronikus dokumentum] |
| 520 | 3 | |a This thesis researches how corporate social responsibility (CSR) affects employee motivation, satisfaction and retention in Hungarian SMEs. Based on quantitative research methods, the findings indicate that CSR -even external CSR, not directly benefitting the employee - can positively impact workplace perception and employee commitment. It also sheds light on the differences in CSR awareness and perception of different demographic groups and emphasizes the importance of proper communication and genuine, transparent implementation of CSR activities that in-turn will result in a stronger company culture. | |
| 695 | |a CSR | ||
| 695 | |a employee well-being | ||
| 695 | |a medium-sized businesses | ||
| 695 | |a retention rate | ||
| 695 | |a Small business | ||
| 700 | 1 | |a Németh Dr. Patrícia Ilona |e ths | |
| 856 | 4 | 0 | |u http://dolgozattar.uni-bge.hu/59568/1/CSR%E2%80%99s%20effect%20on%20job%20satisfaction%20and%20employee%20retention%20in%20Hungarian%20small%20to%20medium%20sized%20businesses-.pdf |z Dokumentum-elérés |
| 856 | 4 | 0 | |u http://dolgozattar.uni-bge.hu/59568/2/Eredetis%C3%A9g.pdf |z Dokumentum-elérés |
| 856 | 4 | 0 | |u http://dolgozattar.uni-bge.hu/59568/3/Balogh%20D%C3%A1niel%20BA%20KM%20angol%20b%C3%ADr%C3%A1lat.pdf |z Dokumentum-elérés |
| 856 | 4 | 0 | |u http://dolgozattar.uni-bge.hu/59568/4/BA%20KM%20angol%20b%C3%ADr%C3%A1lati%20lap%20K%C3%9CLS%C5%90_Balogh%20D%C3%A1niel.pdf |z Dokumentum-elérés |